| 000 | 00000nas##2200000za#4500 |
| 001 | 9.514591 |
| 003 | CaOODSP |
| 005 | 20200325130016 |
| 007 | ta |
| 008 | 150406c1991||||xxc|| m #||||f| |0eng|d |
| 040 | |aCaOODSP|beng |
| 043 | |an-cn--- |
| 086 | 1 |aEn83-2E |
| 110 | 1 |aCanada. |bEnvironment Canada. |bEnvironmental Protection Service. |
| 245 | 10|aEnvironmental Protection series |
| 260 | |aOttawa - Ontario : |bEnvironment Canada. |
| 362 | 1 |aReport EPS/PG |
| 500 | |aCanadian cataloguing in publication data printed in this publication. |
| 690 | 07|aEnvironmental protection|2gcpds |
| 775 | 08|tSérie de la Protection de l'environnement |w(CaOODSP)9.512984 |